Most Flown-To Cities from Each U.S. State - Statistics

General Stats
  • This quiz has been taken 3,782 times
    3,749 since last reset
  • The average score is 17 of 24
Answer Stats
Departure States City % Correct
Nevada Los Angeles
98%
Massachusetts, Georgia, + 4 others New York City
98%
Michigan, Minnesota, + 4 others Chicago
93%
Idaho, Oregon Seattle
91%
Arkansas, Oklahoma Dallas
90%
Alabama, Mississippi, North Carolina, Tennessee Atlanta
88%
Louisiana Houston
87%
Vermont Boston
86%
Maryland, New Hampshire Washington D.C
85%
Arizona, Colorado, Utah Las Vegas
83%
Kansas, Nebraska, Wyoming Denver
82%
New Mexico, Texas Phoenix
79%
Delaware Philadelphia
75%
Ohio Detroit
73%
California Honolulu
71%
Iowa, North Dakota, South Dakota Minneapolis
66%
South Carolina Charlotte
59%
New York, Pennsylvania, Virginia, West Virginia Toronto
56%
Illinois St. Louis
54%
Hawaii, Washington Vancouver
53%
Alaska Tokyo
46%
Montana Calgary
28%
Hawaii Sydney
25%
Florida Cancun
22%
No matching quizzes found
Score Distribution
Percent of People with Each Score
Percentile by Number Answered
Your Score History
You have not taken this quiz since the last reset